''India- China strategic relations'': An analytical study (Record no. 357717)

MARC details
000 -LEADER
fixed length control field 00567nam a2200205 4500
005 - DATE & TIME
control field 20241021152542.0
008 - FIXED-LENGTH DATA ELEMENTS--GENERAL INFORMATION
fixed length control field 241021b |||||||| |||| 00| 0 eng d
020 ## - ISBN
International Standard Book Number X
Price [n.p.]
040 ## - CATALOGING SOURCE
Original cataloging agency VIVEKANANDA LIBRARY
082 ## - DDC NUMBER
Classification number 327.54051
Book Number R137I
100 ## - MAIN ENTRY--PERSONAL NAME
Personal name Rajni Devi
245 ## - TITLE STATEMENT
Title ''India- China strategic relations'': An analytical study
260 ## - PUBLICATION, DISTRIBUTION, ETC. (IMPRINT)
Name of publisher, distributor, etc Dept. of Defence and Strategic studies, M D University, Rohtak
Date of publication, distribution, etc 2022
300 ## - PHYSICAL DESCRIPTION
Pages ix, 111
650 ## - Subject
Subject Defence Studies
650 ## - Subject
Subject International Relations
700 ## - Added Entry Personal Name
Added Entry Personal Name Pratap Singh
942 ## - ADDED ENTRY ELEMENTS (KOHA)
Koha item type Thesis
Holdings
Withdrawn status Lost status Source of classification or shelving scheme Damaged status Not for loan Location (home branch) Sublocation or collection (holding branch) Shelving location Date acquired Koha issues (times borrowed) Koha full call number Accession No. Koha date last seen Copy number Koha item type
    Dewey Decimal Classification     VIVEKANANDA LIBRARY VIVEKANANDA LIBRARY Vivekananda Library 21/10/2024   327.54051 R137I 410378 21/10/2024 R Thesis
© Designed and Maintained by Vivekananda Library, MDU Rohtak